000 00422nam a2200157 i 4500
001 59795
003 ES-MaACL
005 20230906164111.0
007 t|
008 031030s1952 sp ||||1| spa d
100 1 _aEnrich, Juan.
_947259
245 1 3 _aEl asesinato del seƱor Martel /
_cJ. Enrich.
260 _aBarcelona :
_bA. Jimeno Sorolla,
_c1952.
300 _a180 p. :
_bil. ;
_c19 cm.
852 4 _aES-MaACL
_jD-8292
999 _c59795
_d59795